000 01162nam a2200253Ia 4500
000 01555naaa 00325uu
001 https://directory.doabooks.org/handle/20.500.12854/67260
005 20260218105900.0
008 211013s9999 xx 000 0 und d
020 _a9781789846317
024 _a10.5772/intechopen.78185
042 _adc
100 1 _aOuadfeul, Sid-Ali
245 0 _aOil and Gas Wells
260 _bIntechOpen
_c2020
300 _a1 electronic resource (116 p.)
520 _aThe aim of this book is to present some advances in different aspects of oil and gas technology. Two chapters are dedicated to the scientific research in the domain of reservoir engineering and characterization. Four chapters are dedicated to the field of well drilling and performance and another chapter is related to oil and transport.
540 _aCreative Commons
653 _aPetroleum technology
700 1 _aAliouane, Leila
856 _uhttps://docs.google.com/spreadsheets/d/1yKIrdCPDAG_9c22mwoOIO2DOhtj65Wqa/edit?usp=sharing&ouid=106555315294820607512&rtpof=true&sd=true
_yList of Curated E-Books
942 _cE-BOOK
999 _c50670
_d50670